Statistics for Biggest Transfer Paid By Premier Leagues Big Six

Click here to take the quiz!

General Stats

  • This quiz has been taken 31 times
  • The average score is 13 of 30

Answer Stats

Answer% Correct
Man Utd£89millJuventusPaul Pogba
94%
Man City£55millWolfsburgKevin De Bruyne
89%
Man Utd£75millEvertonRomelu Lukaku
78%
Liverpool£75millSouthamptonVirgil Van Dijk
78%
Liverpool£66.8millRomaAlisson
72%
Man Utd£47millShakhtar DonetskFred
72%
Man City£60millLeicesterRiyad Mahrez
72%
Man City£48millTottenhamKyle Walker
67%
Man City£57millAtletico BilbaoAymeric Laporte
61%
Man City£49millMonacoBenjamin Mendy
61%
Liverpool£48millRB LeipzigNaby Keita
61%
Liverpool£39millMonacoFabinho
56%
Man Utd£59millReal MadridAngel Di Maria
50%
Tottenham£42millAjaxDavinson Sanchez
44%
Arsenal£38.2millReal MadridMesut Ozil
44%
Tottenham£23millPSGLucas Moura
39%
Tottenham£30millNewcastleMoussa Sissoko
33%
Arsenal£45millLyonAlexandre Lacazette
28%
Chelsea£58millReal MadridAlvaro Morata
28%
Chelsea£50millLiverpoolFernando Torres
28%
Chelsea£57millNapoliJorginho
28%
Tottenham£30millRoma Eric Lamela
22%
Arsenal£33.8millBorussia MoenchengladbachGranit Xhaka
22%
Man Utd£40millChelseaNemanja Matic
22%
Tottenham£26millValenciaRoberto Soldado
22%
Liverpool£36.9millRomaMo Salah
17%
Chelsea£40millMonacoTiemoue Bakayoko
11%
Chelsea£71millAtletico BilbaoKepa Arizzabalaga
6%
Arsenal£35millValenciaShkodran Mustafi
6%
Arsenal£55millBorussia DortmundPierre-Emrick Aubameyang
0%

Score Distribution

Percentile by Number Answered

Percent of People with Each Score

Your Score History

You have not taken this quiz